| 000 | 00635 a2200169 4500 | ||
|---|---|---|---|
| 999 |
_c2484 _d2484 |
||
| 020 | _a9780749457143 | ||
| 050 | _aHF5415.7 HAN 2010 | ||
| 100 |
_aRushton, Alan _eeditor |
||
| 245 |
_aThe Handbook of Logistics & distribution management / _cAlan Rushton, Phil Croucher & Peter Baker |
||
| 250 | _a4th ed. | ||
| 264 |
_aLondon _bKagan Page _c2010 |
||
| 300 |
_a635p. : _bill. |
||
| 500 | _aIncludes bibliographical references | ||
| 650 |
_aBusiness logistics -- Handbooks, manuals, etc _xPhysical distribution of goods -- Management -- Handbooks, manuals, etc |
||
| 700 |
_aCroucher, Phi; _eeditor |
||
| 942 |
_2lcc _cBK _e4th _h5415.7 _iHAN _kHF |
||